[Event "Amantea op-A 8th"]
[Site "Amantea"]
[Date "2010.08.29"]
[Round "1"]
[White "Santagati, Alessandro"]
[Black "Pelyushenko, Ivanna"]
[Result "1-0"]
[WhiteElo "2187"]
[BlackElo "1926"]
[PlyCount "43"]
[EventDate "2010.08.29"]
[EventType "swiss"]
[EventRounds "9"]
[EventCountry "ITA"]
[SourceTitle "CBM 138 Extra"]
[Source "ChessBase"]
[SourceDate "2010.10.29"]
[SourceVersion "1"]
[SourceVersionDate "2010.10.29"]
[SourceQuality "1"]

1. d4 d5 2. c4 c6 3. e3 e6 4. Nf3 Nf6 5. Qc2 Nbd7 6. Nc3 Be7 7. b3 a6 8. Bd3 0-0 9. 0-0 Qc7 10. Bb2 Re8 11. Ne5 Bd6 12. f4 h6 13. c5 Be7 14. Rf3 Qd8 15. Raf1 Rf8 16. g4 Nxe5 17. fxe5 Ne8 18. Bh7+ Kh8 19. Rxf7 Rxf7 20. Rxf7 Nc7 21. Ne2 Bd7 22. Nf4 1-0